| 000 | 00000nam##2200000za#4500 |
| 001 | 9.604306 |
| 003 | CaOODSP |
| 005 | 20240314152355 |
| 007 | cr ||||||||||| |
| 008 | 150406|2008||||xxc|||||o f|0| 0 fre|d |
| 040 | |aCaOODSP|bfre |
| 043 | |an-cn--- |
| 086 | 1 |aPS4-62/2008F-PDF |
| 110 | 1 |aCanada. |bSécurité publique Canada. |
| 245 | 13|aLe Centre de guérison Waseskun, un milieu thérapeutique efficace (historique, leçons et observations) / |h[ressource électronique]|c[par] Shawn Bell. |
| 260 | |aOttawa - Ontario : |bSécurité publique Canada |c2008. |
| 300 | |a128p.|bphotographies |
| 490 | 1 |aCollection sur les autochtones|vCA 28 APC |
| 590 | |a12-29-Supp|b2012-06-25 |
| 720 | 1 |aBell, Shawn |
| 775 | 08|tThe history, lessons and observations of Waseskun Healing Center, a successful therapeutic healing community / |w(CaOODSP)9.574564 |
| 830 | #0|aCollection sur les autochtones ;|vCA 28 APC|w(CaOODSP)9.501639 |
| 856 | 40|ahttp://publications.gc.ca|qPDF|s7385 Ko|uhttps://publications.gc.ca/collections/collection_2011/sp-ps/PS4-62-2008-fra.pdf|yCA 28 APC |